[Event "XtraCon-Skakligaen"]
[Site "Denmark"]
[Date "2014.10.25"]
[Round "1.2"]
[White "Skytte, Rasmus"]
[Black "Pilgaard, Kim"]
[Result "1/2-1/2"]
[WhiteElo "2425"]
[BlackElo "2400"]
[PlyCount "59"]
[EventDate "2014.10.25"]
[EventType "team-tourn"]
[EventRounds "9"]
[EventCountry "DEN"]
[WhiteTeam "AarhusSkolerne"]
[BlackTeam "Bronshoj"]
[WhiteTeamCountry "DEN"]
[BlackTeamCountry "DEN"]

1. d4 Nf6 2. Nc3 d5 3. Bf4 g6 4. Qd2 Na6 5. Nf3 Bf5 6. Ne5 Bg7 7. f3 O-O 8. g4
Be6 9. Bh6 c5 10. Bxg7 Kxg7 11. e3 cxd4 12. exd4 Rc8 13. h4 h5 14. gxh5 Nxh5
15. Rg1 Rh8 16. Bd3 Rh6 17. Ne2 Qd6 18. c3 Rch8 19. O-O-O Bc8 20. Rg5 Bd7 21.
Rdg1 Be8 22. Qc2 Nc7 23. f4 Ne6 24. R5g4 Nf6 25. R4g2 Kf8 26. f5 gxf5 27. Ng3
Ng7 28. Ne2 Ne6 29. Ng3 Ng7 30. Ne2 1/2-1/2

[Event "XtraCon-Skakligaen"]
[Site "Denmark"]
[Date "2014.10.25"]
[Round "1.3"]
[White "Bromann, Thorbjorn"]
[Black "Sorensen, Jan"]
[Result "1-0"]
[WhiteElo "2438"]
[BlackElo "2431"]
[PlyCount "81"]
[EventDate "2014.10.25"]
[EventType "team-tourn"]
[EventRounds "9"]
[EventCountry "DEN"]
[WhiteTeam "Bronshoj"]
[BlackTeam "AarhusSkolerne"]
[WhiteTeamCountry "DEN"]
[BlackTeamCountry "DEN"]

1. d4 e6 2. Nf3 Nf6 3. Bg5 c5 4. e3 h6 5. Bh4 b6 6. Nbd2 Be7 7. Bd3 Nc6 8. c3
cxd4 9. exd4 Bb7 10. O-O O-O 11. Re1 Nd5 12. Bg3 a6 13. a4 d6 14. Bb1 Qd7 15.
Qc2 g6 16. Ba2 Rfe8 17. Re2 Bf8 18. Rae1 Na5 19. Ne4 Kg7 20. Qc1 Rac8 21. Qa1
Be7 22. Ned2 Qxa4 23. b3 Qd7 24. c4 Nb4 25. Bb1 Bf6 26. Qa3 Nac6 27. Ne4 Be7
28. d5 exd5 29. cxd5 Nxd5 30. Qb2+ Kg8 31. Qd2 Nf6 32. Qxh6 Nxe4 33. Bxe4 Bf8
34. Qh4 Be7 35. Bxc6 Bxh4 36. Bxd7 Rxe2 37. Rxe2 Bxf3 38. Bxc8 Bxe2 39. Bxh4 a5
40. Bd8 Bd1 41. Bxb6 1-0

[Event "XtraCon-Skakligaen"]
[Site "Denmark"]
[Date "2014.10.25"]
[Round "1.4"]
[White "Rasmussen, Karsten"]
[Black "Palm, Nikolaj"]
[Result "1/2-1/2"]
[WhiteElo "2424"]
[BlackElo "2340"]
[PlyCount "35"]
[EventDate "2014.10.25"]
[EventType "team-tourn"]
[EventRounds "9"]
[EventCountry "DEN"]
[WhiteTeam "AarhusSkolerne"]
[BlackTeam "Bronshoj"]
[WhiteTeamCountry "DEN"]
[BlackTeamCountry "DEN"]

1. Nf3 d5 2. c4 e6 3. g3 Nf6 4. Bg2 Be7 5. b3 O-O 6. Bb2 b6 7. O-O Bb7 8. d4
dxc4 9. bxc4 c5 10. e3 Nc6 11. Ne5 Rc8 12. Qa4 Qc7 13. Nxc6 Bxc6 14. Bxc6 Qxc6
15. Qxa7 Bd6 16. dxc5 Bxc5 17. Qa6 Ne4 18. Qb5 1/2-1/2

[Event "XtraCon-Skakligaen"]
[Site "Denmark"]
[Date "2014.10.25"]
[Round "1.5"]
[White "Carstensen, Jacob"]
[Black "Christensen, Tobias"]
[Result "1/2-1/2"]
[WhiteElo "2357"]
[BlackElo "2369"]
[PlyCount "21"]
[EventDate "2014.10.25"]
[EventType "team-tourn"]
[EventRounds "9"]
[EventCountry "DEN"]
[WhiteTeam "Bronshoj"]
[BlackTeam "AarhusSkolerne"]
[WhiteTeamCountry "DEN"]
[BlackTeamCountry "DEN"]

1. d4 Nf6 2. c4 e6 3. Nf3 d5 4. g3 Be7 5. Bg2 O-O 6. O-O dxc4 7. Qc2 a6 8. Qxc4
b5 9. Qc2 Bb7 10. Bd2 Bd6 11. Re1 1/2-1/2

[Event "XtraCon-Skakligaen"]
[Site "Denmark"]
[Date "2014.10.25"]
[Round "1.6"]
[White "Pedersen, Finn"]
[Black "Greger, Roland Reinhard"]
[Result "1/2-1/2"]
[WhiteElo "2278"]
[BlackElo "2331"]
[PlyCount "59"]
[EventDate "2014.10.25"]
[EventType "team-tourn"]
[EventRounds "9"]
[EventCountry "DEN"]
[WhiteTeam "AarhusSkolerne"]
[BlackTeam "Bronshoj"]
[WhiteTeamCountry "DEN"]
[BlackTeamCountry "DEN"]

1. Nf3 e6 2. e3 d5 3. d4 Nf6 4. Be2 Be7 5. O-O O-O 6. b3 b6 7. Bb2 c6 8. Nbd2
a5 9. c4 Ba6 10. a3 Nbd7 11. cxd5 cxd5 12. Bxa6 Rxa6 13. Qe2 Ra7 14. Rfc1 Qb8
15. Qb5 Ne8 16. Ne5 Nxe5 17. dxe5 Nc7 18. Qd3 Rc8 19. Bd4 Na8 20. Rxc8+ Qxc8
21. a4 Rc7 22. g3 Rc6 23. e4 Nc7 24. exd5 exd5 25. Nf1 Qg4 26. Rd1 g6 27. Ne3
Qf3 28. Nf1 Qg4 29. Ne3 Qf3 30. Nf1 1/2-1/2

[Event "XtraCon-Skakligaen"]
[Site "Denmark"]
[Date "2014.10.25"]
[Round "1.7"]
[White "Holmsgaard, Henrik"]
[Black "Rendboe, John Filip"]
[Result "1/2-1/2"]
[WhiteElo "2301"]
[BlackElo "2196"]
[PlyCount "83"]
[EventDate "2014.10.25"]
[EventType "team-tourn"]
[EventRounds "9"]
[EventCountry "DEN"]
[WhiteTeam "Bronshoj"]
[BlackTeam "AarhusSkolerne"]
[WhiteTeamCountry "DEN"]
[BlackTeamCountry "DEN"]

1. e4 c5 2. c3 Nf6 3. e5 Nd5 4. d4 cxd4 5. cxd4 d6 6. Nf3 e6 7. Bc4 Nb6 8. Bd3
Nc6 9. exd6 Qxd6 10. Nc3 Be7 11. O-O f5 12. Nb5 Qd8 13. Qe2 O-O 14. Rd1 a6 15.
Nc3 Nb4 16. Bb1 Bf6 17. a3 N4d5 18. Ba2 Qd6 19. Bd2 Bd7 20. Re1 Rae8 21. Qd3
Nf4 22. Bxf4 Qxf4 23. Ne5 Bc8 24. g3 Qg5 25. f4 Qh5 26. Re2 Rd8 27. Rae1 Nd5
28. Nxd5 exd5 29. Qc3 Rd6 30. Qa5 Rfd8 31. Kg2 Be6 32. Qc7 Bxe5 33. dxe5 R6d7
34. Qb6 Qf7 35. Rc2 Re8 36. Qd4 Rc7 37. Rec1 Rxc2+ 38. Rxc2 h6 39. Qb6 Re7 40.
Qd8+ Kh7 41. Rd2 Rd7 42. Qb6 1/2-1/2

[Event "XtraCon-Skakligaen"]
[Site "Denmark"]
[Date "2014.10.25"]
[Round "1.8"]
[White "Jensen, Jacob Bjerre"]
[Black "Pedersen, Peter Brondt"]
[Result "1/2-1/2"]
[WhiteElo "2156"]
[BlackElo "2173"]
[PlyCount "36"]
[EventDate "2014.10.25"]
[EventType "team-tourn"]
[EventRounds "9"]
[EventCountry "DEN"]
[WhiteTeam "AarhusSkolerne"]
[BlackTeam "Bronshoj"]
[WhiteTeamCountry "DEN"]
[BlackTeamCountry "DEN"]

1. d4 g6 2. c4 Bg7 3. Nc3 d6 4. e4 Nd7 5. Be2 e5 6. Be3 Ngf6 7. d5 a5 8. h4 Nc5
9. Qc2 h5 10. Nh3 Ng4 11. Bg5 f6 12. Bd2 Bh6 13. Bxh6 Nxh6 14. O-O-O Qe7 15. f3
f5 16. Ng5 Nf7 17. Nxf7 Qxf7 18. Na4 Nxa4 1/2-1/2

[Event "XtraCon-Skakligaen"]
[Site "Denmark"]
[Date "2014.10.25"]
[Round "1.1"]
[White "Andersen, Mads"]
[Black "Schandorff, Lars"]
[Result "1/2-1/2"]
[WhiteElo "2485"]
[BlackElo "2532"]
[PlyCount "96"]
[EventDate "2014.10.25"]
[EventType "team-tourn"]
[EventRounds "9"]
[EventCountry "DEN"]
[WhiteTeam "Skanderborg"]
[BlackTeam "Hillerod"]
[WhiteTeamCountry "DEN"]
[BlackTeamCountry "DEN"]

1. Nf3 d5 2. g3 Nf6 3. Bg2 c6 4. O-O Bg4 5. c4 e6 6. d3 dxc4 7. dxc4 Qxd1 8.
Rxd1 Nbd7 9. Nc3 h6 10. h3 Bxf3 11. exf3 O-O-O 12. f4 Bb4 13. Be3 Nb6 14. Bf1
Bxc3 15. bxc3 Na4 16. Bxa7 c5 17. Rdb1 Kc7 18. Rb5 b6 19. Bxb6+ Nxb6 20. Rxc5+
Kd6 21. Ra5 Ke7 22. c5 Nc8 23. Rb1 Ne4 24. c4 Rd7 25. Bg2 f5 26. Bxe4 fxe4 27.
c6 Rc7 28. Rb7 Kd6 29. Rxc7 Kxc7 30. Re5 Re8 31. f5 Nd6 32. fxe6 Kxc6 33. c5
Nb7 34. Rxe4 Nxc5 35. Rg4 Nxe6 36. f4 Rf8 37. Rg6 Kd5 38. Kf2 Ra8 39. f5 Rxa2+
40. Kf3 Nd4+ 41. Kg4 Ke5 42. Rxg7 Nxf5 43. Rb7 Ra4+ 44. Kh5 Ra6 45. Rb5+ Ke4
46. Rb4+ Ke3 47. Rg4 Rf6 48. Rg6 Rxg6 1/2-1/2

[Event "XtraCon-Skakligaen"]
[Site "Denmark"]
[Date "2014.10.25"]
[Round "1.2"]
[White "Borge, Nikolaj"]
[Black "Svane, Rasmus"]
[Result "0-1"]
[WhiteElo "2383"]
[BlackElo "2506"]
[PlyCount "60"]
[EventDate "2014.10.25"]
[EventType "team-tourn"]
[EventRounds "9"]
[EventCountry "DEN"]
[WhiteTeam "Hillerod"]
[BlackTeam "Skanderborg"]
[WhiteTeamCountry "DEN"]
[BlackTeamCountry "DEN"]

1. e4 c6 2. c4 d5 3. cxd5 cxd5 4. exd5 Nf6 5. Nc3 g6 6. Bc4 Bg7 7. Nge2 O-O 8.
O-O Na6 9. Nf4 Nc7 10. d4 b6 11. a4 Bb7 12. Qb3 Rb8 13. Re1 a6 14. Bd2 b5 15.
axb5 axb5 16. Bf1 Nfxd5 17. Ncxd5 Bxd5 18. Nxd5 Qxd5 19. Qxd5 Nxd5 20. Ra5 Bxd4
21. b3 Rfc8 22. Rxb5 Rxb5 23. Bxb5 Rc2 24. Re2 Rb2 25. Bc4 Nf4 26. Re4 Rxd2 27.
Rxf4 e5 28. Rf3 e4 29. Rf4 Rd1+ 30. Bf1 e3 0-1

[Event "XtraCon-Skakligaen"]
[Site "Denmark"]
[Date "2014.10.25"]
[Round "1.3"]
[White "Semcesen, Daniel"]
[Black "Percivaldi, Martin"]
[Result "1/2-1/2"]
[WhiteElo "2480"]
[BlackElo "2324"]
[PlyCount "106"]
[EventDate "2014.10.25"]
[EventType "team-tourn"]
[EventRounds "9"]
[EventCountry "DEN"]
[WhiteTeam "Skanderborg"]
[BlackTeam "Hillerod"]
[WhiteTeamCountry "DEN"]
[BlackTeamCountry "DEN"]

1. Nf3 d5 2. b3 Nf6 3. Bb2 Bf5 4. g3 e6 5. Bg2 Be7 6. d3 h6 7. Nbd2 O-O 8. c4
c6 9. O-O Nbd7 10. a3 a5 11. Rc1 Bh7 12. Rc2 Bd6 13. Qa1 Qe7 14. cxd5 exd5 15.
Nd4 Rfe8 16. N2f3 Ne5 17. Rd1 Rad8 18. Nxe5 Bxe5 19. Rdc1 Nd7 20. Nf3 Bxb2 21.
Rxb2 Bf5 22. b4 axb4 23. axb4 Ra8 24. Qb1 Bg4 25. Nd4 Qf6 26. e3 Qg5 27. h3 Be6
28. Qc2 Qh5 29. Qd1 Qxd1+ 30. Rxd1 Ra3 31. Nb3 Rea8 32. Bf1 Kf8 33. Kg2 Ke7 34.
d4 b6 35. Bd3 R8a4 36. Nc1 Kd6 37. Bc2 Ra8 38. g4 b5 39. Bb3 Nb6 40. Rb1 Nc4
41. Kg3 f6 42. Nd3 Bf7 43. Nc5 Bg6 44. Rbc1 R8a7 45. Bc2 Bxc2 46. Rxc2 Ra2 47.
Rxa2 Rxa2 48. h4 Nb6 49. Kf3 Na4 50. g5 hxg5 51. hxg5 Nxc5 52. dxc5+ Ke5 53.
gxf6 gxf6 1/2-1/2

[Event "XtraCon-Skakligaen"]
[Site "Denmark"]
[Date "2014.10.25"]
[Round "1.4"]
[White "Jaksland, Tim"]
[Black "Pedersen, Nicolai Vesterbaek"]
[Result "1/2-1/2"]
[WhiteElo "2277"]
[BlackElo "2400"]
[PlyCount "80"]
[EventDate "2014.10.25"]
[EventType "team-tourn"]
[EventRounds "9"]
[EventCountry "DEN"]
[WhiteTeam "Hillerod"]
[BlackTeam "Skanderborg"]
[WhiteTeamCountry "DEN"]
[BlackTeamCountry "DEN"]

1. c4 Nf6 2. g3 e6 3. Nf3 d5 4. b3 a5 5. Bb2 a4 6. Na3 c6 7. Bg2 Bd6 8. O-O Qe7
9. Nc2 b5 10. cxb5 cxb5 11. Be5 Nc6 12. Bxd6 Qxd6 13. Ncd4 Nxd4 14. Nxd4 Bd7
15. d3 e5 16. Nf3 O-O 17. d4 e4 18. Ne5 Qa3 19. bxa4 Rxa4 20. e3 Rfa8 21. Qd2
b4 22. Rab1 Qc3 23. Qxc3 bxc3 24. Rfc1 Be6 25. Rxc3 Rxa2 26. Rcb3 g5 27. h3 Kg7
28. R3b2 Rxb2 29. Rxb2 Ra1+ 30. Kh2 h5 31. Rc2 g4 32. h4 Ne8 33. Rc6 Kf6 34.
Nd7+ Ke7 35. Nc5 Nd6 36. Rc7+ Kf6 37. Rc6 Ke7 38. Rc7+ Kf6 39. Rc6 Ke7 40. Rc7+
Kf6 1/2-1/2

[Event "XtraCon-Skakligaen"]
[Site "Denmark"]
[Date "2014.10.25"]
[Round "1.5"]
[White "Pedersen, Steffen"]
[Black "Ostergaard, Jens"]
[Result "1-0"]
[WhiteElo "2417"]
[BlackElo "2236"]
[PlyCount "65"]
[EventDate "2014.10.25"]
[EventType "team-tourn"]
[EventRounds "9"]
[EventCountry "DEN"]
[WhiteTeam "Skanderborg"]
[BlackTeam "Hillerod"]
[WhiteTeamCountry "DEN"]
[BlackTeamCountry "DEN"]

1. e4 c6 2. d4 d5 3. e5 Bf5 4. Nd2 e6 5. Nb3 Nd7 6. Nf3 Ne7 7. Be2 h6 8. O-O
Bh7 9. Bd2 Nf5 10. a4 Be7 11. a5 a6 12. c4 dxc4 13. Bxc4 g5 14. Bc3 Qc7 15. Qe2
g4 16. Nfd2 h5 17. Rac1 Rg8 18. Ne4 O-O-O 19. Nbc5 Nxc5 20. dxc5 Nd4 21. Bxd4
Rxd4 22. Nd6+ Bxd6 23. exd6 Qd8 24. Rfd1 Rxd1+ 25. Rxd1 Kb8 26. Qe5 Bf5 27. d7+
Ka7 28. Qd4 h4 29. g3 hxg3 30. fxg3 Bc2 31. Rd2 Bf5 32. b4 Rf8 33. Qg7 1-0

[Event "XtraCon-Skakligaen"]
[Site "Denmark"]
[Date "2014.10.25"]
[Round "1.6"]
[White "Nordenbaek, Jan"]
[Black "Andersen, Jackie"]
[Result "0-1"]
[WhiteElo "2209"]
[BlackElo "2356"]
[PlyCount "48"]
[EventDate "2014.10.25"]
[EventType "team-tourn"]
[EventRounds "9"]
[EventCountry "DEN"]
[WhiteTeam "Hillerod"]
[BlackTeam "Skanderborg"]
[WhiteTeamCountry "DEN"]
[BlackTeamCountry "DEN"]

1. e4 g6 2. d4 c6 3. Nc3 d5 4. Nf3 Bg7 5. h3 Nf6 6. e5 Ne4 7. Bd3 Nxc3 8. bxc3
c5 9. a4 Nc6 10. O-O c4 11. Be2 a6 12. Ne1 Qa5 13. Bd2 Bd7 14. g4 O-O-O 15. Ng2
h5 16. gxh5 gxh5 17. Bxh5 Bxh3 18. f4 Kb8 19. Bxf7 Bf5 20. Bh5 e6 21. Bg4 Ne7
22. Kf2 Rh2 23. Rg1 Rdh8 24. Ke1 Rxg2 0-1

[Event "XtraCon-Skakligaen"]
[Site "Denmark"]
[Date "2014.10.25"]
[Round "1.7"]
[White "Hansen, Mads"]
[Black "Montgomery, Jan Elkjaer Frantse"]
[Result "0-1"]
[WhiteElo "2320"]
[BlackElo "2149"]
[PlyCount "64"]
[EventDate "2014.10.25"]
[EventType "team-tourn"]
[EventRounds "9"]
[EventCountry "DEN"]
[WhiteTeam "Skanderborg"]
[BlackTeam "Hillerod"]
[WhiteTeamCountry "DEN"]
[BlackTeamCountry "DEN"]

1. e4 c5 2. Nf3 e6 3. d4 cxd4 4. Nxd4 Nc6 5. Nc3 Qc7 6. Be3 a6 7. Qd2 Nf6 8.
O-O-O Bb4 9. f3 Ne5 10. Nb3 d5 11. Bf4 O-O 12. Kb1 Nh5 13. Nxd5 exd5 14. Bxe5
Qxe5 15. Qxb4 dxe4 16. fxe4 Nf6 17. Bd3 Ng4 18. Qb6 Nxh2 19. Bc4 Ng4 20. Rd5
Qf6 21. Rd6 Qf2 22. Nd4 Qxg2 23. Re1 Ne5 24. Bb3 Qf2 25. Rc1 h5 26. Qc5 Re8 27.
Rd5 Nd7 28. Qc7 Nf6 29. Rg5 Rf8 30. Qe5 Re8 31. Qc5 Nxe4 32. Bxf7+ Qxf7 0-1

[Event "XtraCon-Skakligaen"]
[Site "Denmark"]
[Date "2014.10.25"]
[Round "1.8"]
[White "Andersen, Ib Hother"]
[Black "Nilssen, John Arni"]
[Result "0-1"]
[WhiteElo "2128"]
[BlackElo "2288"]
[PlyCount "96"]
[EventDate "2014.10.25"]
[EventType "team-tourn"]
[EventRounds "9"]
[EventCountry "DEN"]
[WhiteTeam "Hillerod"]
[BlackTeam "Skanderborg"]
[WhiteTeamCountry "DEN"]
[BlackTeamCountry "DEN"]

1. e4 c5 2. Nf3 Nc6 3. d4 cxd4 4. Nxd4 e5 5. Nb5 d6 6. N1c3 a6 7. Na3 b5 8. Nd5
Be7 9. c4 b4 10. Nc2 Rb8 11. Qd3 Nf6 12. Nxe7 Qxe7 13. Bg5 O-O 14. Rd1 Rd8 15.
Be2 h6 16. Be3 Be6 17. b3 Qb7 18. O-O Nd7 19. f3 Nc5 20. Qd2 Qe7 21. Qe1 a5 22.
Qg3 Kh8 23. Rd2 a4 24. Rb1 axb3 25. axb3 Ra8 26. Rb2 f5 27. exf5 Bxf5 28. Bxc5
dxc5 29. Ne3 Ra1+ 30. Kf2 Bh7 31. Nd5 Qf7 32. Ra2 Rxa2 33. Rxa2 Re8 34. Kg1 Qf5
35. Qe1 Nd4 36. Rb2 e4 37. f4 e3 38. Qa1 Qe4 39. Qd1 Bg8 40. Qf1 Bxd5 41. cxd5
Qxd5 42. g4 Qe4 43. f5 Nxe2+ 44. Qxe2 Ra8 45. h3 Ra1+ 46. Kh2 Rh1+ 47. Kg3 Qe5+
48. Kh4 Rg1 0-1

[Event "XtraCon-Skakligaen"]
[Site "Denmark"]
[Date "2014.10.25"]
[Round "1.1"]
[White "Stefansson, Hannes"]
[Black "Fries Nielsen, Niels Jorgen"]
[Result "1-0"]
[WhiteElo "2549"]
[BlackElo "2329"]
[PlyCount "105"]
[EventDate "2014.10.25"]
[EventType "team-tourn"]
[EventRounds "9"]
[EventCountry "DEN"]
[WhiteTeam "Jetsmark"]
[BlackTeam "Esbjerg"]
[WhiteTeamCountry "DEN"]
[BlackTeamCountry "DEN"]

1. d4 Nf6 2. c4 c5 3. d5 b5 4. cxb5 a6 5. bxa6 d6 6. Nc3 g6 7. e4 Bg7 8. Nf3
O-O 9. Be2 Bxa6 10. O-O Qb6 11. Nd2 Nbd7 12. Nc4 Qb4 13. a3 Qb7 14. Rb1 Rfb8
15. b3 Ne8 16. Qc2 Qc7 17. a4 Bd4 18. Bd2 Ndf6 19. Na3 Qd7 20. Bxa6 Rxa6 21.
Ncb5 e5 22. dxe6 fxe6 23. Nxd4 cxd4 24. Qd3 Qb7 25. Rfe1 e5 26. b4 d5 27. exd5
e4 28. Qxd4 Rxa4 29. Nc4 Qxd5 30. Qxd5+ Nxd5 31. Rxe4 Nef6 32. Rd4 Rc8 33. h3
Rca8 34. Ne3 Nc7 35. Ng4 Nfd5 36. Kh2 Ra1 37. Rxa1 Rxa1 38. Ne3 Nb6 39. Rd6
Nca8 40. Bc3 Ra7 41. Nd5 Nxd5 42. Rxd5 Kf7 43. Ra5 Rc7 44. Rxa8 Rxc3 45. Ra7+
Kg8 46. b5 Rb3 47. Rb7 h5 48. g3 g5 49. Kg2 Kf8 50. b6 Ke8 51. Rg7 Rxb6 52.
Rxg5 Rh6 53. f4 1-0

[Event "XtraCon-Skakligaen"]
[Site "Denmark"]
[Date "2014.10.25"]
[Round "1.2"]
[White "Poulsen, Iver"]
[Black "Rasmussen, Allan Stig"]
[Result "0-1"]
[WhiteElo "2095"]
[BlackElo "2524"]
[PlyCount "68"]
[EventDate "2014.10.25"]
[EventType "team-tourn"]
[EventRounds "9"]
[EventCountry "DEN"]
[WhiteTeam "Esbjerg"]
[BlackTeam "Jetsmark"]
[WhiteTeamCountry "DEN"]
[BlackTeamCountry "DEN"]

1. e4 c6 2. c4 d5 3. exd5 cxd5 4. cxd5 Nf6 5. Nc3 Nxd5 6. Nf3 e6 7. Bb5+ Bd7 8.
Bc4 Bc6 9. O-O Be7 10. Ne5 O-O 11. d4 Nxc3 12. bxc3 Bd5 13. Bd3 Nd7 14. Qh5 g6
15. Qe2 Nxe5 16. Qxe5 Rc8 17. Bh6 Bf6 18. Qe3 Re8 19. Bb5 Re7 20. a4 a6 21. Be2
e5 22. Qd2 exd4 23. cxd4 Be4 24. Rfd1 Rd7 25. Bg4 Rxd4 26. Qxd4 Qxd4 27. Rxd4
Bxd4 28. Rd1 Rc4 29. Bd7 Bg7 30. Be3 Bc2 31. Rc1 Bb2 32. Re1 Bxa4 33. Bxa4 Rxa4
34. Bh6 Ra1 0-1

[Event "XtraCon-Skakligaen"]
[Site "Denmark"]
[Date "2014.10.25"]
[Round "1.3"]
[White "Ochsner, Bjorn Moller"]
[Black "Bonnelykke, Ole"]
[Result "1-0"]
[WhiteElo "2342"]
[BlackElo "2045"]
[PlyCount "71"]
[EventDate "2014.10.25"]
[EventType "team-tourn"]
[EventRounds "9"]
[EventCountry "DEN"]
[WhiteTeam "Jetsmark"]
[BlackTeam "Esbjerg"]
[WhiteTeamCountry "DEN"]
[BlackTeamCountry "DEN"]

1. e4 c5 2. Nf3 e6 3. d4 cxd4 4. Nxd4 a6 5. Bd3 Qc7 6. Nc3 Nc6 7. Nxc6 bxc6 8.
O-O Nf6 9. Re1 d6 10. Qf3 e5 11. Bc4 Be7 12. Bg5 O-O 13. h3 Be6 14. Bb3 Rab8
15. Qd3 a5 16. f4 exf4 17. Bxf4 Nd7 18. Qg3 Ne5 19. Rad1 Rfd8 20. Kh1 Bf6 21.
Re2 Qe7 22. Red2 Kh8 23. Ne2 c5 24. Bxe6 fxe6 25. b3 g5 26. Be3 h5 27. Qf2 h4
28. Rxd6 Rxd6 29. Rxd6 Bg7 30. Bxc5 Rf8 31. Qg1 Nd7 32. Rxd7 Qxd7 33. Bxf8 Bxf8
34. Qd4+ Qg7 35. Qxg7+ Bxg7 36. Kg1 1-0

[Event "XtraCon-Skakligaen"]
[Site "Denmark"]
[Date "2014.10.25"]
[Round "1.4"]
[White "Hartvig, Ove Weiss"]
[Black "Jensen, Bjarke"]
[Result "0-1"]
[WhiteElo "2199"]
[BlackElo "2351"]
[PlyCount "98"]
[EventDate "2014.10.25"]
[EventType "team-tourn"]
[EventRounds "9"]
[EventCountry "DEN"]
[WhiteTeam "Esbjerg"]
[BlackTeam "Jetsmark"]
[WhiteTeamCountry "DEN"]
[BlackTeamCountry "DEN"]

1. e4 e5 2. Nc3 Nf6 3. g3 d5 4. exd5 Nxd5 5. Nge2 Bg4 6. Bg2 Nxc3 7. bxc3 c6 8.
O-O Bd6 9. d3 O-O 10. h3 Be6 11. c4 Nd7 12. Rb1 Rb8 13. f4 f5 14. Qe1 Qc7 15.
Kh2 Rbe8 16. Qc3 Nf6 17. c5 Be7 18. Qxe5 Qc8 19. c4 Rf7 20. Qd4 Bf8 21. Ba3 Rd7
22. Qc3 Bf7 23. Rfe1 Re3 24. Nd4 Rxe1 25. Rxe1 Qd8 26. Bb2 Bxc5 27. Nxf5 Rxd3
28. Qe5 Bb4 29. Re2 Bxc4 30. g4 Bd6 31. Nxd6 Rxd6 32. Rc2 Bf7 33. g5 Ne8 34.
Qc5 b6 35. Qc3 Bd5 36. Re2 Rd7 37. Qe5 Nc7 38. Bxd5+ cxd5 39. Rc2 Re7 40. Qf5
Qd7 41. Qd3 Ne6 42. Rf2 Nc5 43. Qf3 Qf5 44. Be5 Ne4 45. Rf1 Rd7 46. Rc1 Rf7 47.
Qd3 Qe6 48. Qd4 Nc5 49. a4 Nb3 0-1

[Event "XtraCon-Skakligaen"]
[Site "Denmark"]
[Date "2014.10.25"]
[Round "1.5"]
[White "Wiwe, Andreas"]
[Black "Lindestrom, Torsten"]
[Result "1/2-1/2"]
[WhiteElo "2301"]
[BlackElo "2224"]
[PlyCount "83"]
[EventDate "2014.10.25"]
[EventType "team-tourn"]
[EventRounds "9"]
[EventCountry "DEN"]
[WhiteTeam "Jetsmark"]
[BlackTeam "Esbjerg"]
[WhiteTeamCountry "DEN"]
[BlackTeamCountry "DEN"]

1. e4 d5 2. exd5 Qxd5 3. Nc3 Qa5 4. d4 c6 5. Bc4 Bf5 6. Qe2 Nf6 7. Bd2 Qc7 8.
Nf3 e6 9. O-O-O Bb4 10. Kb1 Bxc3 11. Bxc3 Nbd7 12. Ne5 Nxe5 13. dxe5 Nd5 14.
Bxd5 cxd5 15. Bb4 Rc8 16. Rc1 Qc4 17. Qd2 Rc6 18. b3 Qb5 19. Kb2 a5 20. Ba3 f6
21. Rhd1 Rc8 22. g4 Be4 23. exf6 gxf6 24. f3 Bg6 25. f4 Be4 26. Qd4 Kf7 27. g5
Rhe8 28. c4 Qa6 29. Ka1 e5 30. fxe5 fxe5 31. Qf2+ Kg8 32. cxd5 a4 33. Rxc8 Rxc8
34. d6 axb3 35. d7 Rd8 36. Qb2 Qe6 37. Qxb3 Qxb3 38. axb3 Bc6 39. Bb2 e4 40.
Bc1 Rxd7 41. Rf1 Rf7 42. Rxf7 1/2-1/2

[Event "XtraCon-Skakligaen"]
[Site "Denmark"]
[Date "2014.10.25"]
[Round "1.6"]
[White "Maarup, Michael"]
[Black "Helledie, Anders"]
[Result "0-1"]
[WhiteElo "2152"]
[BlackElo "2266"]
[PlyCount "132"]
[EventDate "2014.10.25"]
[EventType "team-tourn"]
[EventRounds "9"]
[EventCountry "DEN"]
[WhiteTeam "Esbjerg"]
[BlackTeam "Jetsmark"]
[WhiteTeamCountry "DEN"]
[BlackTeamCountry "DEN"]

1. d4 Nf6 2. c4 g6 3. Nc3 Bg7 4. e4 d6 5. f3 O-O 6. Be3 c5 7. Nge2 Nc6 8. Qd2
Qa5 9. O-O-O e6 10. d5 exd5 11. Nxd5 Nxd5 12. cxd5 Qxd2+ 13. Bxd2 Ne5 14. Ng3
b5 15. Be2 b4 16. Rhe1 Re8 17. Nf1 f5 18. Ne3 fxe4 19. fxe4 Bd7 20. Nc4 Nxc4
21. Bxc4 Be5 22. g3 Rf8 23. Bh6 Rf2 24. Re2 Rf7 25. Red2 Bh3 26. Re1 a5 27. Be3
Kg7 28. Rf2 Rxf2 29. Bxf2 Rf8 30. Bg1 h5 31. Kc2 h4 32. gxh4 Rf4 33. Be3 Rxh4
34. Bf2 Rg4 35. Bg3 Rg5 36. Re3 Bd7 37. a3 Kh6 38. axb4 axb4 39. b3 Bxg3 40.
hxg3 Kg7 41. Kd2 Bg4 42. Re1 Bh3 43. Rg1 Kf6 44. Ke3 Ke5 45. Be2 Bg4 46. Bd3
Rh5 47. Bc4 Rh2 48. Rf1 Rg2 49. Rf8 Rxg3+ 50. Kf2 Rh3 51. Rg8 Rf3+ 52. Kg2 Rf6
53. Kg3 Bf3 54. Re8+ Kd4 55. e5 dxe5 56. d6 Bc6 57. d7 Bxd7 58. Rd8 Rd6 59. Bb5
Bxb5 60. Rxd6+ Kc3 61. Rd5 Kxb3 62. Rxc5 Bd3 63. Rxe5 Kc3 64. Rc5+ Kd2 65. Rc6
b3 66. Rb6 Bc2 0-1

[Event "XtraCon-Skakligaen"]
[Site "Denmark"]
[Date "2014.10.25"]
[Round "1.7"]
[White "Christensen, Stefan"]
[Black "Hansen, Stefan"]
[Result "1-0"]
[WhiteElo "2258"]
[BlackElo "2102"]
[PlyCount "103"]
[EventDate "2014.10.25"]
[EventType "team-tourn"]
[EventRounds "9"]
[EventCountry "DEN"]
[WhiteTeam "Jetsmark"]
[BlackTeam "Esbjerg"]
[WhiteTeamCountry "DEN"]
[BlackTeamCountry "DEN"]

1. e4 c6 2. d4 d5 3. Nc3 dxe4 4. Nxe4 Bf5 5. Ng3 Bg6 6. h4 h6 7. Nf3 Nd7 8. h5
Bh7 9. Bd3 Bxd3 10. Qxd3 e6 11. Bd2 Ngf6 12. O-O-O Be7 13. Kb1 O-O 14. Ne4 Nxe4
15. Qxe4 Nf6 16. Qe2 Qd5 17. Ne5 Qe4 18. Qxe4 Nxe4 19. Be1 Rad8 20. f3 Nf6 21.
c4 c5 22. Bc3 Bd6 23. dxc5 Bxc5 24. g4 Be3 25. Kc2 Bf4 26. Rxd8 Rxd8 27. Rd1
Rxd1 28. Kxd1 Ne8 29. Ke2 f6 30. Ng6 Bc7 31. Kd3 Kf7 32. b4 Nd6 33. a4 Nc8 34.
b5 Ne7 35. Nxe7 Kxe7 36. Ke4 Kf7 37. Bd2 Ke7 38. Be3 a6 39. Bc5+ Kf7 40. Ba3 g6
41. bxa6 bxa6 42. Kd4 f5 43. Kc5 gxh5 44. gxh5 Kf6 45. Kc6 Bf4 46. c5 e5 47.
Kd5 Kg5 48. c6 e4 49. fxe4 fxe4 50. Bc1 Bxc1 51. c7 e3 52. c8=Q 1-0

[Event "XtraCon-Skakligaen"]
[Site "Denmark"]
[Date "2014.10.25"]
[Round "1.8"]
[White "Jensen, Henrik Tranberg"]
[Black "Rosenkilde, Alexander"]
[Result "0-1"]
[WhiteElo "2057"]
[BlackElo "2211"]
[PlyCount "84"]
[EventDate "2014.10.25"]
[EventType "team-tourn"]
[EventRounds "9"]
[EventCountry "DEN"]
[WhiteTeam "Esbjerg"]
[BlackTeam "Jetsmark"]
[WhiteTeamCountry "DEN"]
[BlackTeamCountry "DEN"]

1. d4 Nf6 2. c4 e6 3. a3 c5 4. Nf3 cxd4 5. Nxd4 Nc6 6. Nc3 Qb6 7. e3 Be7 8. Be2
O-O 9. b4 d5 10. c5 Qc7 11. Bb2 e5 12. Nb3 Rd8 13. O-O Be6 14. b5 d4 15. b6
dxc3 16. bxc7 Rxd1 17. Bxd1 cxb2 18. Rb1 Rc8 19. Rxb2 Rxc7 20. Be2 Ne4 21. Rfb1
Nc3 22. Re1 g6 23. Bf1 Na4 24. Rbb1 Nxc5 25. Nxc5 Bxc5 26. a4 b6 27. Bb5 Nb4
28. Rec1 Na2 29. Rd1 Nc3 30. Rd8+ Kg7 31. Ra1 Bb4 32. f3 Nd5 33. e4 Ne3 34. Kf2
Nc2 35. Rc1 Bc5+ 36. Kg3 Be3 37. Rcd1 Nd4 38. Bd3 Rc3 39. Bb1 Ne2+ 40. Kh4 Kh6
41. g4 Bf2+ 42. Kh3 Nf4# 0-1